00613 a2200205 4500022001200000050002300012100002700035110003400062245008000096264004600176300001200222500001300234650001700247650003000264651001800294700002600312700002700338700002500365710001700390 Ino issn00aKTL19.A35 SOU 1973 aDuncan, Graemeeeditor aSupreme Court of South Africa04aSouth African law reportsb1978 (2) MaycGraeme Duncan, M. Barnett ...et al aSouth Africa:bJuta and Company LTDc1978 a604p .: aNo index 0aLaw reports, 7aSouth African Law Reports 7aSouth Africa.1 aGraeme Duncaneeditor1 aBuchanan, J.L.eeditor1 aFisher, D.S.eeditor1 aSouth Africa